TOP 10 Biggest Cities In Russia - Statistics

General Stats
  • This quiz has been taken 31 times
  • The average score is 5 of 10
Answer Stats
Nr Residents Answer % Correct
1. 13.164.000 Moscow
100%
2. 5.643.000 St.Petersburg
100%
6. 1.209.000 Kazan
81%
3. 1.654.000 Novosibirsk
62%
10. 1.104.000 Rostov
62%
9. 1.111.000 Omsk
46%
8. 1.144.000 Samara
42%
7. 1.181.000 Tsjeljabinsk
4%
4. 1.544.000 Yekaterinenburg
4%
5. 1.210.000 Nizjni Novgorod
0%
No matching quizzes found
Score Distribution
Percent of People with Each Score
Percentile by Number Answered
Your Score History
You have not taken this quiz